| 000 | 00413nam a2200169Ia 4500 | ||
|---|---|---|---|
| 005 | 20250627013037.0 | ||
| 008 | 240331s9999 xx 000 0 und d | ||
| 020 | _a955830901X | ||
| 082 |
_bSEN _a362 |
||
| 100 | _aSenevirathne,M | ||
| 245 | 0 | _aDaruwan gana adaraya nisa | |
| 260 |
_bAuthor's Statment _c2000 |
||
| 300 | _a71 p., | ||
| 650 | _aChild abuse | ||
| 650 | _aConservation of Environment | ||
| 942 | _cL | ||
| 999 |
_c5113 _d5113 |
||